<?xml version="1.0" encoding="UTF-8"?><?xml-stylesheet type="text/xsl" href="static/style.xsl"?><OAI-PMH xmlns="http://www.openarchives.org/OAI/2.0/" xmlns:xsi="http://www.w3.org/2001/XMLSchema-instance" xsi:schemaLocation="http://www.openarchives.org/OAI/2.0/ http://www.openarchives.org/OAI/2.0/OAI-PMH.xsd"><responseDate>2026-04-30T00:42:50Z</responseDate><request verb="GetRecord" identifier="oai:uvadoc.uva.es:10324/73405" metadataPrefix="marc">https://uvadoc.uva.es/oai/request</request><GetRecord><record><header><identifier>oai:uvadoc.uva.es:10324/73405</identifier><datestamp>2025-03-26T19:45:19Z</datestamp><setSpec>com_10324_5262</setSpec><setSpec>com_10324_5186</setSpec><setSpec>com_10324_29291</setSpec><setSpec>col_10324_73387</setSpec></header><metadata><record xmlns="http://www.loc.gov/MARC21/slim" xmlns:doc="http://www.lyncode.com/xoai" xmlns:xsi="http://www.w3.org/2001/XMLSchema-instance" xmlns:dcterms="http://purl.org/dc/terms/" xsi:schemaLocation="http://www.loc.gov/MARC21/slim http://www.loc.gov/standards/marcxml/schema/MARC21slim.xsd">
<leader>00925njm 22002777a 4500</leader>
<datafield tag="042" ind1=" " ind2=" ">
<subfield code="a">dc</subfield>
</datafield>
<datafield tag="720" ind1=" " ind2=" ">
<subfield code="a">Sánchez Jiménez, María</subfield>
<subfield code="e">author</subfield>
</datafield>
<datafield tag="260" ind1=" " ind2=" ">
<subfield code="c">2025</subfield>
</datafield>
<datafield tag="520" ind1=" " ind2=" ">
<subfield code="a">Durante la última década, los Estados miembros de Unión Europea han adoptado distintas estrategias para digitalizar la obligación de emitir factura y la de informar sobre las operaciones realizadas, facilitando de este modo el cumplimento cooperativo y la reducción de la denominada “brecha del IVA”.


Este trabajo recoge algunas de estas iniciativas, como el reporte en tiempo real de las operaciones, los listados de IVA o la facturación electrónica, cuyo uso obligatorio se ha ido extendiendo desde el ámbito de la contratación pública hasta las operaciones entre empresarios o profesionales e incluso hasta aquellas cuyo destinatario es el consumidor final.


Este estudio presta especial atención al tratamiento de la facturación electrónica en el Proyecto IVA en la Era Digital promovido por la Comisión Europea</subfield>
</datafield>
<datafield tag="024" ind2=" " ind1="8">
<subfield code="a">Revista de Estudios Europeos; Núm. 85 (2025) pags. 528-553</subfield>
</datafield>
<datafield tag="024" ind2=" " ind1="8">
<subfield code="a">2530-9854</subfield>
</datafield>
<datafield tag="024" ind2=" " ind1="8">
<subfield code="a">https://uvadoc.uva.es/handle/10324/73405</subfield>
</datafield>
<datafield tag="024" ind2=" " ind1="8">
<subfield code="a">10.24197/ree.85.2025.528-553</subfield>
</datafield>
<datafield tag="024" ind2=" " ind1="8">
<subfield code="a">528</subfield>
</datafield>
<datafield tag="024" ind2=" " ind1="8">
<subfield code="a">85</subfield>
</datafield>
<datafield tag="024" ind2=" " ind1="8">
<subfield code="a">553</subfield>
</datafield>
<datafield tag="245" ind1="0" ind2="0">
<subfield code="a">La facturación electrónica en la Unión Europea</subfield>
</datafield>
</record></metadata></record></GetRecord></OAI-PMH>